What commercial airplane is this? (Easy) - Statistics

General Stats
  • This quiz has been taken 90 times
  • The average score is 12 of 16
Answer Stats
Picture Answer % Correct
Boeing 777
99%
Airbus A380
93%
Boeing 747
93%
Boeing 787
93%
Boeing 757
90%
Boeing 737
89%
Boeing 767
89%
Airbus A320
85%
Airbus A330
83%
Airbus A340
83%
Airbus A350
79%
Airbus A310
69%
McDonnell Douglas DC-10
65%
Boeing 707
58%
McDonnell Douglas MD-80
35%
Embraer E190
8%
No matching quizzes found
Score Distribution
Percent of People with Each Score
Percentile by Number Answered
Your Score History
You have not taken this quiz